Farmers organization and irrigation management (Record no. 516893)

000 -LEADER
fixed length control field 00306nam a22000977a 4500
082 ## - DEWEY DECIMAL CLASSIFICATION NUMBER
Classification number TNC Y1182x5413 P195f
100 ## - MAIN ENTRY--PERSONAL NAME
Personal name Pant, Niranjan and Verma, R.K.
9 (RLIN) 23726
245 ## - TITLE STATEMENT
Title Farmers organization and irrigation management
Statement of responsibility, etc By Niranjan Pant and R.K. Verma
260 ## - PUBLICATION, DISTRIBUTION, ETC. (IMPRINT)
Place of publication, distribution, etc New Delhi
Name of publisher, distributor, etc Ashish
Date of publication, distribution, etc 1983
300 ## - PHYSICAL DESCRIPTION
Extent 111p.
Holdings
Withdrawn status Lost status Source of classification or shelving scheme Damaged status Koha normalized classification for sorting Not for loan Permanent location Current location Date acquired Full call number Barcode Date last seen Price effective from Koha item type
        TNC_Y1182X5413_P195F   Indian Institute of Public Administration Indian Institute of Public Administration 2021-03-22 TNC Y1182x5413 P195f GR23365 2021-03-22 2021-03-22 GR

Powered by Koha